Recent Advances in Histopathology / (Record no. 731)

MARC details
000 -LEADER
fixed length control field 00620nam a22002057a 4500
003 - CONTROL NUMBER IDENTIFIER
control field OSt
005 - DATE AND TIME OF LATEST TRANSACTION
control field 20141107165631.0
008 - FIXED-LENGTH DATA ELEMENTS--GENERAL INFORMATION
fixed length control field 141107b xxu||||| |||| 00| 0 eng d
020 ## - INTERNATIONAL STANDARD BOOK NUMBER
International Standard Book Number 0443039984
040 ## - CATALOGING SOURCE
Transcribing agency DNLM
082 ## - DEWEY DECIMAL CLASSIFICATION NUMBER
Classification number QZ 4 R244 1987
245 ## - TITLE STATEMENT
Title Recent Advances in Histopathology /
Statement of responsibility, etc. Edited by Peter P. Anthony, Roderick N. M. MacSween
260 ## - PUBLICATION, DISTRIBUTION, ETC. (IMPRINT)
Place of publication, distribution, etc. London:
Name of publisher, distributor, etc. Churchill Livingstone;
Date of publication, distribution, etc. 1987
300 ## - PHYSICAL DESCRIPTION
Extent 308 p :
Other physical details ill ;
Dimensions 27 cm.
504 ## - BIBLIOGRAPHY, ETC. NOTE
Bibliography, etc Includes Index
650 ## - SUBJECT ADDED ENTRY--TOPICAL TERM
Topical term or geographic name as entry element Histopathology
9 (RLIN) 1849
700 ## - ADDED ENTRY--PERSONAL NAME
Relator code Editor
Personal name Anthony Peter P.
9 (RLIN) 1949
700 ## - ADDED ENTRY--PERSONAL NAME
Relator code Editor
Personal name MacSween Roderick M. N.
9 (RLIN) 1950
942 ## - ADDED ENTRY ELEMENTS (KOHA)
Source of classification or shelving scheme Other/Generic Classification Scheme
Koha item type Short Loan
Holdings
Withdrawn status Lost status Source of classification or shelving scheme Damaged status Not for loan Home library Current library Date acquired Source of acquisition Inventory number Total Checkouts Full call number Barcode Date last seen Price effective from Koha item type
    Other/Generic Classification Scheme     MUST Main Library MUST Main Library 07/11/2014   4192   QZ 4 R244 1987 2014-3338 07/11/2014 07/11/2014 Short Loan